Little monster at work / (Record no. 8643)

MARC details
000 -LEADER
fixed length control field 00843nam a22002657a 4500
001 - CONTROL NUMBER
control field 8643
003 - CONTROL NUMBER IDENTIFIER
control field FISKH
005 - DATE AND TIME OF LATEST TRANSACTION
control field 20251007141358.0
008 - FIXED-LENGTH DATA ELEMENTS--GENERAL INFORMATION
fixed length control field 251007b cb ||||| |||| 00| 0 eng d
040 ## - CATALOGING SOURCE
Original cataloging agency FISKH
Language of cataloging eng
Transcribing agency FISKH
Modifying agency FISKH
050 ## - LIBRARY OF CONGRESS CALL NUMBER
Classification number PZ7.M462 L
082 ## - DEWEY DECIMAL CLASSIFICATION NUMBER
Classification number 428.1
100 ## - MAIN ENTRY--PERSONAL NAME
Personal name Mayer, Mercer
245 ## - TITLE STATEMENT
Title Little monster at work /
Statement of responsibility, etc. by Mercer Mayer
250 ## - EDITION STATEMENT
Edition statement This edition published in 1980
260 ## - PUBLICATION, DISTRIBUTION, ETC.
Place of publication, distribution, etc. New York :
Name of publisher, distributor, etc. Western Publishing,
Date of publication, distribution, etc. 1978.
300 ## - PHYSICAL DESCRIPTION
Extent 45 pages :
Other physical details color illustrations ;
Dimensions 26 cm
505 ## - FORMATTED CONTENTS NOTE
Formatted contents note Q<br/>
520 ## - SUMMARY, ETC.
Summary, etc. Traveling with his grandfather, a little monster discovers the variety of occupations in his community.<br/>
521 8# - TARGET AUDIENCE NOTE
Target audience note 660<br/>
Source Lexile estimate<br/>
521 8# - TARGET AUDIENCE NOTE
Target audience note Q<br/>
Source Raz-Plus<br/>
650 ## - SUBJECT ADDED ENTRY--TOPICAL TERM
Topical term or geographic name entry element Community Helpers
Form subdivision Juvenile Fiction
General subdivision Picture Book
942 ## - ADDED ENTRY ELEMENTS (KOHA)
Source of classification or shelving scheme Dewey Decimal Classification
Koha item type Books
Suppress in OPAC No
Holdings
Withdrawn status Lost status Source of classification or shelving scheme Damaged status Not for loan Collection Home library Current library Shelving location Date acquired Total Checkouts Full call number Barcode Date last seen Copy number Price effective from Koha item type
    Dewey Decimal Classification     Juvenile Fiction Footprints International School Library Network Toul Kork Campus Footprints International School Library Network Toul Kork Campus TK Primary Library Room(4th Floor), Bookcase 5&6, Shelves 33-56, Orange Books 10/07/2025   MAY 428.1 PZ7.M462 L FISBT00052 10/07/2025 1 10/07/2025 Books